000 02099nam a2200433 c 4500
999 _c186051
_d186051
003 BLK
005 20230708133941.0
008 180411b bul|||||r ||||||| ||bul||
010 _aKNG00195045000
020 _a978-954-28-2118-2
040 _aBLK
041 _aBUL
_cBUL
072 7 _2bullib
_aН34
_xПраво Н
080 _aГражданско съдопроизводство. Граждански процес. - Видове гражданско съдопроизводство:арбитражна, опростени процедури за по-дребни случаи, формалности при съдебна процедура, разследване, доказване
_b347.91/.95
_x(497.2)
_z347.91/.95(497.2)
100 1 _aНиколов, Делян
_eпърви автор
_9344014
139 _aНиколов, Делян и др.
_bН 74
245 1 0 _aИзпълнително производство по ГПК и ЗОЗ
_bТекст, съдебна практика и авт. коментар
_cДелян Николов; съавт. Димитър Иванов.
257 _aBGR
260 _bСиела Норма
_c2016
_fСофия : Алианс принт
300 _a672 с.
_c24 см
380 _a3
500 _aСъдържа и за авт.
650 4 _aИзпълнително производство - България
_9248809
650 4 _aПринудително изпълнение
_9344015
650 4 _aГраждански процес - България
_9242945
651 4 _aБългария
_9241624
653 _aграждански процес
653 _aизпълнително производство
653 _aпринудително изпълнение
659 _aН
700 1 _aИванов, Димитър
_eсъавт.
_9364449
852 _aЦб 282994
856 4 _qpdf
856 4 _qpdf
942 _cKNG
_n0
_09
944 _aCR
_c03.11.2016
_lф /
_kВиолета_Тройчева
944 _aED
_c14.12.2017
_lф /
_kЛюдмила_Стоянова
999 _d186051